Ethics in Journalism (Record no. 9662)
[ view plain ]
| 000 -LEADER | |
|---|---|
| fixed length control field | 00458nam a22001457a 4500 |
| 005 - DATE AND TIME OF LATEST TRANSACTION | |
| control field | 20260424153559.0 |
| 008 - FIXED-LENGTH DATA ELEMENTS--GENERAL INFORMATION | |
| fixed length control field | 260424b |||||||| |||| 00| 0 eng d |
| 020 ## - INTERNATIONAL STANDARD BOOK NUMBER | |
| International Standard Book Number | 9964302460 |
| 050 ## - LIBRARY OF CONGRESS CALL NUMBER | |
| Classification number | PN4888 |
| Item number | .E8853 |
| 245 ## - TITLE STATEMENT | |
| Title | Ethics in Journalism |
| Remainder of title | case studies of practice in West Africa |
| Statement of responsibility, etc. | edited by Kwame KariKari |
| 260 ## - PUBLICATION, DISTRIBUTION, ETC. | |
| Place of publication, distribution, etc. | Accra |
| Name of publisher, distributor, etc. | Ghana Universities Press |
| -- | Institut Panos |
| Date of publication, distribution, etc. | 1996 |
| 300 ## - PHYSICAL DESCRIPTION | |
| Extent | ix. 156p. |
| Dimensions | 21cm |
| 700 ## - ADDED ENTRY--PERSONAL NAME | |
| Personal name | Karikari, Kwame |
| 942 ## - ADDED ENTRY ELEMENTS (KOHA) | |
| Source of classification or shelving scheme | Library of Congress Classification |
| Koha item type | Books |
| Suppress in OPAC | No |
| 999 ## - | |
| -- | 9662 |
| -- | 9662 |
| Withdrawn status | Lost status | Source of classification or shelving scheme | Damaged status | Not for loan | Collection | Home library | Current library | Shelving location | Date acquired | Total checkouts | Full call number | Barcode | Date last seen | Copy number | Price effective from | Koha item type |
|---|---|---|---|---|---|---|---|---|---|---|---|---|---|---|---|---|
| Library of Congress Classification | Non-fiction | Business Library (Miotso) | Business Library (Miotso) | General stacks | 04/24/2026 | PN4888 .E8853 ETH | BSSM00003962 | 04/24/2026 | 1 | 04/24/2026 | Books | |||||
| Library of Congress Classification | Non-fiction | Business Library (Miotso) | Business Library (Miotso) | General stacks | 04/24/2026 | PN4888 .E8853 ETH | BSSM00003963 | 04/24/2026 | 2 | 04/24/2026 | Books | |||||
| Library of Congress Classification | Non-fiction | Business Library (Miotso) | Business Library (Miotso) | General stacks | 04/24/2026 | PN4888 .E8853 ETH | BSSM00003964 | 04/24/2026 | 3 | 04/24/2026 | Books |